|
|
|
|
| LEADER |
00000nab a2200000 ar4500 |
| 001 |
vtls009938274 |
| 003 |
SK-MaSNL |
| 005 |
20260303045042.0 |
| 008 |
090810c2009 xo |||||| | ||00 b|slo |
| 015 |
|
|
|a SNBRB2009/08
|2 snkbucl
|
| 038 |
|
|
|a SNKBUCL
|
| 040 |
|
|
|a SNKBUCL
|b slo
|c SNKBUCL
|e AACR2
|
| 041 |
0 |
|
|a slo
|
| 044 |
|
|
|a xo
|c SK
|
| 080 |
|
|
|a 792.071.2
|2 2001
|
| 100 |
1 |
|
|a Kaclerová, Alena
|4 aut
|4 ivr
|9 385017
|
| 245 |
1 |
0 |
|a Mám rada život
|c Maja Breinerová (Mačáková), pripravila Alena Kaclerová
|
| 300 |
|
|
|b Fotogr.
|
| 600 |
1 |
7 |
|a Breinerová-Mačáková, Maja
|2 snkbucl
|9 1035079
|
| 655 |
|
7 |
|a rozhovory
|2 snkbucl
|9 31831
|
| 700 |
1 |
|
|a Breinerová-Mačáková, Maja
|4 aut
|4 ive
|9 1035079
|
| 773 |
0 |
|
|t Vitalita
|g Č. 2 (2009), s. 6
|x 1335-9134
|
| 852 |
|
|
|a SNK
|b KIS3GCP
|
| 999 |
|
|
|c 1702382
|d 1704312
|